000 00370nam a22001697a 4500
003 UA-OsUOA
001 5835
007 ta
008 20050721b un ||||| |||| 00| 0 ukr d
100 _aGilday
700 _aRobert M.
942 _cBK
040 _aUA-OsUOA
_cUA-OsUOA
_dUA-OsUOA
245 _aCollier's Encyclopedia. 1963 Yearbook.
955 _a2
650 7 _2UDC
999 _c291997
_d291997